000 00751nam a2200241 a 4500
001 68131
003 BD-RjUL
005 20211209081732.0
008 170330s1964 nyua b 001 0 eng
035 _a(BD-RjUL)68340
040 _aDLC/ICU
_cICU
_dBD-RjUL
_beng
041 _aeng
082 0 0 _a571.74
_223
_bACT 1965
245 1 0 _aActions of hormones on molecular processes /
_cedited by Gerald Litwack [and] David Kritchevsky.
260 _aNew York :
_bWiley,
_c1964
300 _axi, 583 p. :
_bill. ;
_c24 cm.
504 _aIncludes bibliographies.
650 0 _aHormones.
_9201968
650 0 _aHistochemistry.
_9201969
700 1 _aKritchevsky, David,
_d1920-2006,
_ejoint ed.
_9201970
700 1 _aLitwack, Gerald,
_9201967
942 _2ddc
_cBK
999 _c68131
_d68131